Освобождение Земли (Запись № 5375073)

Подробности
000 -МАРКЕР
контрольное поле 02864nam0a22003611 4500
001 - ИДЕНТИФИКАТОР ЗАПИСИ
контрольное поле rc\280655
005 - ИДЕНТИФИКАТОР ВЕРСИИ
контрольное поле 20250621014811.0
035 ## - ДРУГИЕ СИСТЕМНЫЕ НОМЕРА
Идентификатор записи (NLR Aleph) 005507918
100 ## - ДАННЫЕ ОБЩЕЙ ОБРАБОТКИ
Данные общей обработки 20030307d1990 |||y0rusy50 ca
101 0# - ЯЗЫК РЕСУРСА
Язык текста, звукозаписи и т.д. русский
102 ## - СТРАНА ПУБЛИКАЦИИ ИЛИ ПРОИЗВОДСТВА
Страна публикации Российская Федерация
105 ## - ПОЛЕ КОДИРОВАННЫХ ДАННЫХ: ТЕКСТОВЫЕ МАТЕРИАЛЫ, МОНОГРАФИЧЕСКИЕ
Кодированные данные о монографическом текстовом документе y |||||||||
200 1# - ЗАГЛАВИЕ И СВЕДЕНИЯ ОБ ОТВЕТСТВЕННОСТИ
Основное заглавие Освобождение Земли
Сведения, относящиеся к заглавию Англ. и амер. фантаст.
Первые сведения об ответственности [Пер. с англ. и сост. В.П. Ковалевского]
210 ## - ПУБЛИКАЦИЯ, РАСПРОСТРАНЕНИЕ И ДР.
Место издания, распространения и т.д. М.
Имя издателя, распространителя и т. д. Прометей
Дата издания, распространения и т.д. 1990
215 ## - ФИЗИЧЕСКАЯ ХАРАКТЕРИСТИКА
Специфическое обозначение материала и объем 250, [2] с.
Размеры 22
327 1# - ПРИМЕЧАНИЯ О СОДЕРЖАНИИ
Текст примечания Содерж.: Звездорубы / Г. Гаррисон. Освобождение Земли; Курс на Восток / У. Тэнн. Танец Солнца / Р. Силверберг. Чисто логическим путем / Г. Шенфельд. Клетка / Б. Чандлер. Черный день для паразитов / К. Ломер. Опасная дичь / Э. Уэллен. Полночный алтарь / С.М. Корнблат. Я сотворил тебя / У.М. Миллер-младший, и произведения др. авт.
464 #0 - АНАЛИТИЧЕСКИЙ УРОВЕНЬ
Встроенное поле 2001#$aЗвездорубы
-- 700#1$aГаррисон$bГ.$gГарри$cписатель-фантаст$f1925-2012$3RU\NLR\AUTH\774785
Заглавие Звездорубы
Автор Гаррисон, Гарри (писатель-фантаст ; 1925-2012)
464 #0 - АНАЛИТИЧЕСКИЙ УРОВЕНЬ
Встроенное поле 2001#$aОсвобождение Земли
-- 700#1$aТэнн$bУ.
Заглавие Освобождение Земли
Автор Тэнн, У.
464 #0 - АНАЛИТИЧЕСКИЙ УРОВЕНЬ
Встроенное поле 2001#$aКурс на Восток
-- 700#1$aТэнн$bУ.
Заглавие Курс на Восток
Автор Тэнн, У.
464 #0 - АНАЛИТИЧЕСКИЙ УРОВЕНЬ
Встроенное поле 2001#$aТанец Солнца
-- 700#1$aСилверберг$bР.$f1936-$gРоберт$3RU\NLR\AUTH\7713619
Заглавие Танец Солнца
Автор Силверберг, Роберт (1936-)
464 #0 - АНАЛИТИЧЕСКИЙ УРОВЕНЬ
Встроенное поле 2001#$aЧисто логическим путем
-- 700#1$aШенфельд$bГ.
Заглавие Чисто логическим путем
Автор Шенфельд, Г.
464 #0 - АНАЛИТИЧЕСКИЙ УРОВЕНЬ
Встроенное поле 2001#$aКлетка
-- 700#1$aЧандлер$bБ.
Заглавие Клетка
Автор Чандлер, Б.
464 #0 - АНАЛИТИЧЕСКИЙ УРОВЕНЬ
Встроенное поле 2001#$aЧерный день для паразитов
-- 700#1$aЛаумер$bК.$f1925-1993$gКейт$3RU\NLR\AUTH\770235237
Заглавие Черный день для паразитов
Автор Лаумер, Кейт (1925-1993)
464 #0 - АНАЛИТИЧЕСКИЙ УРОВЕНЬ
Встроенное поле 2001#$aОпасная дичь
-- 700#1$aУэллен$bЭ.
Заглавие Опасная дичь
Автор Уэллен, Э.
464 #0 - АНАЛИТИЧЕСКИЙ УРОВЕНЬ
Встроенное поле 2001#$aПолночный алтарь
-- 700#1$aКорнблат$bС. М.
Заглавие Полночный алтарь
Автор Корнблат, С. М.
464 #0 - АНАЛИТИЧЕСКИЙ УРОВЕНЬ
Встроенное поле 2001#$aЯ сотворил тебя
-- 700#1$aМиллер-младший$bУ. М.
Заглавие Я сотворил тебя
Автор Миллер-младший, У. М.
801 #0 - ИСТОЧНИК ЗАПИСИ
Страна Российская Федерация
Организация NLR
Правила каталогизации psbo
801 #1 - ИСТОЧНИК ЗАПИСИ
Страна Российская Федерация
Организация ELAR
Источник данных rusmarc
852 ## - МЕСТОНАХОЖДЕНИЕ И ШИФР ХРАНЕНИЯ
Идентификатор организации NLR
Шифр хранения (Call Number) 90-5/3582
942 ## - ДОПОЛНИТЕЛЬНЫЕ ЭЛЕМЕНТЫ ЗАПИСИ (АБИС)
Тип экземпляра АБИС Книга
980 ## - КОЛЛЕКЦИЯ
Название коллекции Национальная библиография
Экземпляры
Тип экземпляра Дата поступления Библиотека постоянного хранения Библиотека текущего хранения Место хранения Шифр хранения Штрих-код Статус экземпляра
Книга 26.10.2013 РНБ (Московский) РНБ (Московский) Русский книжный фонд: издания с 1957 года 90-5/3582 5507918-10